Gerle Margit kiállítása Berlinben
Elmentve itt :
| Dokumentumtípus: | Cikk |
|---|---|
| Megjelent: |
1980-03-05
|
| Sorozat: | Délmagyarország
70 No. 54 |
| Kulcsszavak: | Gerle Margit |
| Online Access: | http://dmarchiv.bibl.u-szeged.hu/94121 |
| LEADER | 00403nab a2200145 i 4500 | ||
|---|---|---|---|
| 001 | delm94121 | ||
| 005 | 20190607104724.0 | ||
| 008 | 190607s1980 hu o 0|| hun d | ||
| 040 | |a SZTE Délmagyarország Archívum |b hun | ||
| 041 | |a hun | ||
| 245 | 0 | 0 | |a Gerle Margit kiállítása Berlinben |h [elektronikus dokumentum] |
| 260 | |c 1980-03-05 | ||
| 300 | |a 8 | ||
| 490 | 0 | |a Délmagyarország |v 70 No. 54 | |
| 695 | |a Gerle Margit | ||